Globální finanční krize a nové uspořádaní světových mocností

Vývoj geopoliticko-ekonomických pomerov na pozadí globálnej finančnej krízy a nové vynárajúce sa svetové mocnosti, ktoré môžu oslabiť výsadné postavenie americkej ekonomiky vo svete a postavenie dolára v medzinárodnom menovom systéme.

Salvato in:
Dettagli Bibliografici
Autore principale: Čurlejová, Libuša
Natura: Capitolo di libro
Lingua:slovacco
Soggetti:
Tags: Aggiungi Tag
Nessun Tag, puoi essere il primo ad aggiungerne!!

MARC

LEADER 00000naa$a2200000$$$4500
001 0105594
005 20240502083251.0
041 0 |a slo 
044 |a CZ 
245 1 0 |a Globální finanční krize a nové uspořádaní světových mocností  |c Libuša Čurlejová 
520 |a Vývoj geopoliticko-ekonomických pomerov na pozadí globálnej finančnej krízy a nové vynárajúce sa svetové mocnosti, ktoré môžu oslabiť výsadné postavenie americkej ekonomiky vo svete a postavenie dolára v medzinárodnom menovom systéme. 
610 2 0 |a kríza finančná 
610 2 0 |a svet 
610 2 0 |a situácia hospodárska 
610 2 0 |a Amerika 
610 2 0 |a dolár 
610 2 0 |a systém menový medzinárodný 
100 1 |a Čurlejová, Libuša